| 000 | 01134cab a22002175a 4500 | ||
|---|---|---|---|
| 001 | L156565 | ||
| 008 | 120611e2012 xxk 000 0 eng d | ||
| 035 | _a(Sirsi) u156565 | ||
| 041 | 0 | _aeng | |
| 100 | 1 | _aHunter, Rachel | |
| 245 | 0 | 0 | _aRates of attrition |
| 260 | _c2012 | ||
| 490 | 0 |
_aProperty Week _v78(22) 1 June 2012, 36-38(3) |
|
| 520 | _aBusiness rates - a tax on commercial property - have now overtaken rent in some locations across the UK as the biggest property cost burden on businesses. The retail sector has been particularly hard hit as it occupies some of the highest-valued commercial property in the UK. Business rates have even continued rising in areas where retail rents have fallen. There is concern that the business rates system is out of syc with wider changes in the property market. Explains how business rates are calculated and discusses recent government business rates initiatives and market proposals for change. | ||
| 590 | _aKA | ||
| 651 | 4 |
_aEngland and Wales _y1543- |
|
| 690 |
_aCommercial property _96227 |
||
| 690 | _aFinance and taxation | ||
| 700 | 1 | _aTownsend, Sarah | |
| 942 | _n0 | ||
| 999 |
_c84082 _d84082 |
||